L'Aquarium d'eau douce-d'eau de mer (Record no. 162224)

MARC details
000 -LEADER
campo de control de longitud fija 00738nam a22001575i 4500
001 - NÚMERO DE CONTROL
campo de control 162224
003 - IDENTIFICADOR DE NÚMERO DE CONTROL
campo de control ES-MaACL
005 - FECHA Y HORA DE LA ÚLTIMA TRANSACCIÓN
campo de control 20230906212445.0
008 - DATOS DE LONGITUD FIJA--INFORMACIÓN GENERAL
campo de control de longitud fija 981002s1872 fr a |||| | fre d
040 ## - FUENTE DE CATALOGACIÓN
Centro catalogador/agencia de origen CLM
Lengua de catalogación spa
Centro/agencia transcriptor CCPB | 3D
100 1# - ENTRADA PRINCIPAL--NOMBRE DE PERSONA
Nombre de persona Pizzetta, Jules.
9 (RLIN) 131191
245 12 - MENCIÓN DEL TÍTULO
Título L'Aquarium d'eau douce-d'eau de mer
Resto del título : choix-formes-preparation-population-salubrité-approvisionnement- plantes-poissons-reptiles-mollusques-crustaces-insectes-infusoires : Orné de 220 vignettes /
Mención de responsabilidad, etc. Jules Pizzetta.
260 ## - PUBLICACIÓN, DISTRIBUCIÓN, ETC.
Lugar de publicación, distribución, etc. Paris :
Nombre del editor, distribuidor, etc. J. Rothschild, éditeur :
-- Librairie de la Société Botanique de France,
Fecha de publicación, distribución, etc. 1872 (
Lugar de fabricación/manufactura Strasbourg :
Fabricante Typographie de G. Silbermann)
300 ## - DESCRIPCIÓN FÍSICA
Extensión VI, 343 p. :
Otras características físicas il. ;
Dimensiones 16 cm.
852 ## - LOCALIZACIÓN
Ubicación ES-MaACL
Número de control de estantería D-3848
Nota libre -- Rust.
Holdings
Estatus retirado Estado de pérdida Estado de daño No para préstamo Colección Biblioteca de origen Biblioteca actual Ubicación en estantería Fecha de adquisición Fuente de adquisición Total de préstamos Signatura topográfica completa Código de barras Visto por última vez Precio de reemplazo Tipo de ítem Koha
        Libros del s. XIX Biblioteca del Ateneo de Madrid Biblioteca del Ateneo de Madrid Sala Valle Inclán 17/01/2008     D-3848 901169951 23/02/2023 23/02/2023 Libro impreso antiguo